00000000nam##2200000za#4500
0019.651895
003CaOODSP
00520240209132417
007ta
008150407|2005||||xxc|||||     f|0| 0 eng|d
040 |aCaOODSP|beng
043 |an-cn---
0861 |aIu89-4/54-2005E
1102 |aAtlantic Canada Opportunities Agency.
24510|aRoundtable on improving competitiveness and productivity in Atlantic Canada / |cprepared by Atlantic Provinces Community College Consortium (APCCC).
260 |aGrand Falls-Windsor - Newfoundland and Labrador : |bAtlantic Canada Opportunities Agency |c[2005?].
300 |a67p. : |bmap, references ; |c28 cm.
500 |a"This policy research is sponsored by the Atlantic Canada Opportunity Agency (ACOA) under the Atlantic Policy Research Initiative."
504 |aBibliography.
5203 |aThe Atlantic Provinces Community College Consortium (APCCC) coordinated a Roundtable to better understand issues impacting competitiveness and productivity, and to identify creative and innovative solutions/enhancements to improve the competitiveness and productivity of Atlantic Canada.
563 |aCerlox
590 |a10-06|b2010-02-12
69007|aAtlantic provinces|2gcpds
69007|aCompetitiveness|2gcpds
69007|aProductivity|2gcpds
77508|tTable ronde sur les moyens d'améliorer la compétitivité et la productivité au Canada atlantique / |w(CaOODSP)9.684893
7760#|tRoundtable on Improving Competitiveness and Productivity in Atlantic Canada. Appendix I, : |w(CaOODSP)9.694051
7760#|tRoundtable on improving competitiveness and productivity in Atlantic Canada - final report |w(CaOODSP)9.694069
7760#|tRoundtable on improving competitiveness and productivity in Atlantic Canada. Appendix III, : |w(CaOODSP)9.694071
7760#|tRoundtable on Improving Competitiveness and Productivity in Atlantic Canada. Appendix IV, : |w(CaOODSP)9.694072
7760#|tRoundtable on improving competitiveness and productivity in Atlantic Canada. Appendix II, : |w(CaOODSP)9.694070